| 000 | 01458nam a2200409 c 4500 | ||
|---|---|---|---|
| 001 | 24804 | ||
| 003 | ES-MaCES | ||
| 005 | 20141221122930.0 | ||
| 008 | 121218s2012 sp 000 | spa d | ||
| 017 |
_aAB 578-2012 _bDL |
||
| 020 | _a9788415000723 | ||
| 035 | _aCES20120008176m | ||
| 040 |
_aES-MaCES _bspa _cES-MaCES |
||
| 100 | 1 |
_aValdeolivas García, Yolanda _925403 |
|
| 245 | 1 | 0 |
_aAseguramiento y protección social de los riesgos profesionales _b: análisis a la luz de la responsabilidad empresarial en materia preventiva _cYolanda Valdeolivas García |
| 250 | _a1ª ed | ||
| 260 |
_aAlbacete _bBomarzo _c2012 |
||
| 300 |
_a109 p. _c21 cm |
||
| 490 | 1 |
_aBásicos de prevención de riesgos laborales _v4 |
|
| 541 | _cCompra | ||
| 650 | 4 |
_arégimen jurídico _929894 |
|
| 650 | 4 |
_aEspaña _926964 |
|
| 650 | 4 |
_aderecho del trabajo _927165 |
|
| 650 | 4 |
_aderecho penal _927159 |
|
| 650 | 4 |
_aresponsabilidad civil _929046 |
|
| 650 | 4 |
_aresponsabilidad del empleador _930146 |
|
| 650 | 4 |
_aprestaciones por accidentes de trabajo _927037 |
|
| 650 | 4 |
_asalud en el trabajo _928347 |
|
| 650 | 4 |
_aseguridad en el trabajo _928348 |
|
| 650 | 4 |
_aseguridad social _927034 |
|
| 650 | 4 |
_aprotección social _929076 |
|
| 653 | 1 | 0 | _aDerecho del trabajo y Seguridad Social |
| 830 | 0 |
_aBásicos de prevención de riesgos laborales _v4 _934232 |
|
| 902 | _aLIB Libro | ||
| 942 |
_2CES _cBK _h6.0.1. |
||
| 999 |
_c24804 _d24804 |
||